000 00287nam a22001217a 4500
008 170425b xxu||||| |||| 00| 0 eng d
041 _aeng
080 _a54
100 _a12
101 _aSHM
245 _aCATALYSIS AND INHIBITION OF CHEMICAL REACTIONS
_cASHMORE, P.G
942 _2udc
_cBK
999 _c11919
_d11919